<?xml version="1.0" encoding="UTF-8"?>
<record
    xmlns:xsi="http://www.w3.org/2001/XMLSchema-instance"
    xsi:schemaLocation="http://www.loc.gov/MARC21/slim http://www.loc.gov/standards/marcxml/schema/MARC21slim.xsd"
    xmlns="http://www.loc.gov/MARC21/slim">

  <leader>01537nam a2200385 i 4500</leader>
  <controlfield tag="001">196667</controlfield>
  <controlfield tag="003">ES-MaACL</controlfield>
  <controlfield tag="005">20250827052113.0</controlfield>
  <controlfield tag="008">241010s1999    sp |          ||| ||spa  </controlfield>
  <datafield tag="016" ind1="7" ind2=" ">
    <subfield code="a">bimoBNE19994885274</subfield>
    <subfield code="2">SpMaBN</subfield>
  </datafield>
  <datafield tag="017" ind1=" " ind2=" ">
    <subfield code="a">M 1733-1999</subfield>
    <subfield code="b">Oficina Dep&#xF3;sito Legal Madrid</subfield>
  </datafield>
  <datafield tag="020" ind1=" " ind2=" ">
    <subfield code="a">8487549160</subfield>
  </datafield>
  <datafield tag="035" ind1=" " ind2=" ">
    <subfield code="a">(OCoLC)432674223</subfield>
  </datafield>
  <datafield tag="035" ind1=" " ind2=" ">
    <subfield code="a">(SpMaBN)bimo0001235202</subfield>
  </datafield>
  <datafield tag="035" ind1=" " ind2=" ">
    <subfield code="a">196667</subfield>
  </datafield>
  <datafield tag="040" ind1=" " ind2=" ">
    <subfield code="a">SpMaBN</subfield>
    <subfield code="b">spa</subfield>
    <subfield code="c">SpMaBN</subfield>
    <subfield code="e">rdc</subfield>
  </datafield>
  <datafield tag="080" ind1=" " ind2=" ">
    <subfield code="a">379.85:616-083</subfield>
  </datafield>
  <datafield tag="100" ind1="1" ind2=" ">
    <subfield code="a">Fern&#xE1;ndez de Navarrete-Garc&#xED;a, Emilia</subfield>
    <subfield code="9">239203</subfield>
    <subfield code="e">aut</subfield>
  </datafield>
  <datafield tag="245" ind1="1" ind2="3">
    <subfield code="a">La salud tambi&#xE9;n viaja / </subfield>
    <subfield code="c">Emilia Fern&#xE1;ndez de Navarrete-Garc&#xED;a ; pr&#xF3;logo, Enrique Castell&#xF3;n Leal ; ilustraciones, Antonio Fraguas, "Forges"</subfield>
    <subfield code="h">[Texto impreso]</subfield>
  </datafield>
  <datafield tag="260" ind1=" " ind2=" ">
    <subfield code="a">Madrid : </subfield>
    <subfield code="b">Uni&#xF3;n El&#xE9;ctrica Fenosa, </subfield>
    <subfield code="c">[1999]</subfield>
  </datafield>
  <datafield tag="300" ind1=" " ind2=" ">
    <subfield code="a">175 p&#xE1;ginas : </subfield>
    <subfield code="b">ilustrado a color ; </subfield>
    <subfield code="c">28 cm</subfield>
  </datafield>
  <datafield tag="336" ind1=" " ind2=" ">
    <subfield code="2">rdacontent</subfield>
    <subfield code="a">texto</subfield>
  </datafield>
  <datafield tag="337" ind1=" " ind2=" ">
    <subfield code="2">rdamedia</subfield>
    <subfield code="a">sin mediaci&#xF3;n</subfield>
  </datafield>
  <datafield tag="338" ind1=" " ind2=" ">
    <subfield code="2">rdacarrier</subfield>
    <subfield code="a">volumen</subfield>
  </datafield>
  <datafield tag="650" ind1=" " ind2="7">
    <subfield code="a">Viajes-</subfield>
    <subfield code="x">Aspectos sanitarios</subfield>
    <subfield code="2"></subfield>
    <subfield code="9">148683</subfield>
  </datafield>
  <datafield tag="655" ind1=" " ind2="7">
    <subfield code="2">tgfbne</subfield>
    <subfield code="a">Libros ilustrados</subfield>
    <subfield code="9">193653</subfield>
  </datafield>
  <datafield tag="700" ind1="1" ind2=" ">
    <subfield code="9">176480</subfield>
    <subfield code="a">Forges,</subfield>
    <subfield code="d">1942-2018</subfield>
    <subfield code="e">ill</subfield>
  </datafield>
  <datafield tag="700" ind1="1" ind2=" ">
    <subfield code="a">Castell&#xF3;n Leal, Enrique</subfield>
    <subfield code="e">aui</subfield>
    <subfield code="9">241355</subfield>
  </datafield>
  <datafield tag="852" ind1=" " ind2=" ">
    <subfield code="a">ES-MaACL</subfield>
    <subfield code="c">DEPOJ</subfield>
    <subfield code="j">N-10146</subfield>
    <subfield code="h">Donaci&#xF3;n: Jos&#xE9; L&#xE1;zaro Garc&#xED;a</subfield>
    <subfield code="x">Encuadernaci&#xF3;n r&#xFA;stica</subfield>
    <subfield code="9">206275</subfield>
  </datafield>
  <datafield tag="903" ind1=" " ind2=" ">
    <subfield code="9">234219</subfield>
    <subfield code="a">L&#xE1;zaro Garc&#xED;a, Jos&#xE9;</subfield>
    <subfield code="e">dnr</subfield>
  </datafield>
  <datafield tag="942" ind1=" " ind2=" ">
    <subfield code="c">MONOGRAFIA</subfield>
    <subfield code="n">0</subfield>
  </datafield>
  <datafield tag="999" ind1=" " ind2=" ">
    <subfield code="c">196667</subfield>
    <subfield code="d">196667</subfield>
  </datafield>
  <datafield tag="952" ind1=" " ind2=" ">
    <subfield code="0">0</subfield>
    <subfield code="1">0</subfield>
    <subfield code="2">udc</subfield>
    <subfield code="4">0</subfield>
    <subfield code="7">0</subfield>
    <subfield code="a">ATENEOM</subfield>
    <subfield code="b">ATENEOM</subfield>
    <subfield code="c">DEPOJ</subfield>
    <subfield code="d">2025-07-19</subfield>
    <subfield code="e">DONACION</subfield>
    <subfield code="l">0</subfield>
    <subfield code="o">N-10146</subfield>
    <subfield code="p">2025-0659</subfield>
    <subfield code="r">2025-07-19 00:00:00</subfield>
    <subfield code="w">2025-07-19</subfield>
    <subfield code="y">MONOGRAFIA</subfield>
  </datafield>
</record>
